| 000 | 00866nam a2200229Ii 4500 | ||
|---|---|---|---|
| 003 | JO-AjNU | ||
| 008 | 230605s9999||||xx |||||||||||||| ||und|| | ||
| 017 | _a2006/6/1450 | ||
| 040 |
_aJO-AjNU _bara _erda _cJO-AjNU |
||
| 041 | _aara | ||
| 050 | 1 | 4 | _aPJ7826.H38.A17 2006 |
| 100 | 3 |
_aتأليف غنما، ماجد ذيب, _eauthor _949562 |
|
| 245 | 0 | 0 | _aالأعمال الكاملة |
| 250 | _aط1 | ||
| 264 | 3 | 1 | _aعمان:دار ورد للنشر والتوزيع،2006 ، عمان:البنك الأهلي الأردني،2006 |
| 300 | _a502ص | ||
| 336 |
_atext _btxt _2rdacontent |
||
| 337 |
_aunmediated _bn _2rdamedia |
||
| 338 |
_avolume _bnc _2rdacarrier |
||
| 490 | 0 | _aسلسلة إبداع 11 | |
| 650 | 4 |
_aالأدب العربي - الأردن - القرن العشرين - الرحلات في الأدب - المنوعات الادبية _949563 |
|
| 999 |
_aA21776 _c25344 _d25344 |
||